| Tag |
First Indicator |
Second Indicator |
Subfields |
| LEADER |
00000cam a2200000 a 4500 |
| 001 |
in00003399521 |
| 005 |
20151206085253.0 |
| 008 |
990809s2000 dcua b b 000 1 eng |
| 010 |
|
|
|a 99040060
|
| 020 |
|
|
|a 1557986428 (hardcover)
|
| 020 |
|
|
|a 9781557986429 (hardcover)
|
| 020 |
|
|
|a 1557987017 (pbk.)
|
| 020 |
|
|
|a 9781557987013 (pbk.)
|
| 029 |
1 |
|
|a NLGGC
|b 188228748
|
| 029 |
1 |
|
|a YDXCP
|b 1648773
|
| 029 |
1 |
|
|a YDXCP
|b 1788794
|
| 029 |
1 |
|
|a NZ1
|b 5330679
|
| 029 |
1 |
|
|a AU@
|b 000020865814
|
| 029 |
1 |
|
|a LQU
|b 285604
|
| 035 |
|
|
|a (OCoLC)ocm42391509
|
| 035 |
|
|
|a (OCoLC)42391509
|
| 040 |
|
|
|a DLC
|b eng
|c DLC
|d OCLCQ
|d BAKER
|d BTCTA
|d YDXCP
|d OCLCG
|d JBO
|d BDX
|d UtOrBLW
|
| 042 |
|
|
|a lcac
|
| 049 |
|
|
|a TXAM
|
| 050 |
0 |
0 |
|a PZ7.H7364
|b Te 2000
|
| 082 |
1 |
4 |
|a [E]
|2 21
|
| 100 |
1 |
|
|a Holmes, Margaret M.,
|d 1944-
|
| 245 |
1 |
2 |
|a A terrible thing happened /
|c written by Margaret M. Holmes ; illustrated by Cary Pillo ; afterword by Sasha J. Mudlaff.
|
| 264 |
|
1 |
|a Washington, DC :
|b Magination Press,
|c [2000]
|
| 264 |
|
4 |
|c ©2000
|
| 300 |
|
|
|a 31 pages, 1 unnumbered page :
|b color illustrations ;
|c 21 cm.
|
| 336 |
|
|
|a text
|b txt
|2 rdacontent
|
| 337 |
|
|
|a unmediated
|b n
|2 rdamedia
|
| 338 |
|
|
|a volume
|b nc
|2 rdacarrier
|
| 504 |
|
|
|a Includes bibliographical references (page [32]).
|
| 520 |
|
|
|a After Sherman sees something terrible happen, he becomes anxious and then angry, but when a counselor helps him talk about these emotions he feels better.
|
| 650 |
|
1 |
|a Emotional problems
|v Fiction.
|
| 650 |
|
0 |
|a Emotional problems
|v Juvenile fiction.
|
| 700 |
1 |
|
|a Mudlaff, Sasha J.,
|d 1967-
|
| 700 |
1 |
|
|a Pillo, Cary,
|e illustrator.
|
| 938 |
|
|
|a Baker & Taylor
|b BKTY
|c 14.95
|d 11.21
|i 1557986428
|n 0003450267
|s active
|
| 938 |
|
|
|a Baker and Taylor
|b BTCP
|n 99040060
|
| 938 |
|
|
|a YBP Library Services
|b YANK
|n 1648773
|
| 938 |
|
|
|a Baker & Taylor
|b BKTY
|c 9.95
|d 7.46
|i 1557987017
|n 0003478176
|s active
|
| 938 |
|
|
|a Brodart
|b BROD
|n 55450008
|c $9.95
|
| 947 |
|
|
|a A14839866846
|
| 945 |
|
|
|a PromptCat
|b 491135
|
| 946 |
|
|
|a curr
|
| 994 |
|
|
|a 92
|b TXA
|
| 948 |
|
|
|a Cataloged
|b h
|c 2013/10/15
|d c
|e EGrant
|
| 999 |
|
|
|a MARS
|
| 999 |
f |
f |
|s 375a6200-b678-34eb-b9aa-1cf1351136b1
|i 82ff76d9-8a47-3d17-b2ec-86a2dcda8d9c
|t 0
|
| 952 |
f |
f |
|p normal
|a Texas A&M University
|b College Station
|c Sterling C. Evans Library
|d Evans: Curriculum Collection (4th floor)
|t 0
|e PZ7.H7364 Te 2000
|h Library of Congress classification
|i unmediated -- volume
|m A14839866846
|
| 998 |
f |
f |
|a PZ7.H7364 Te 2000
|t 0
|l Evans: Curriculum Collection (4th floor)
|